Statistics for 25 Biggest Cities in Norway

Click here to take the quiz!

General Stats

  • This quiz has been taken 366 times
  • The average score is 15 of 25

Answer Stats

PopulationCity% Correct
660 000Oslo
100%
270 000Bergen
98%
190 000Trondheim
95%
130 000Stavanger
92%
70 000Tromsö
91%
90 000Kristiansand
84%
50 000Bodö
74%
65 000Drammen
70%
45 000Ålesund
69%
85 000Fredrikstad
67%
30 000Hamar
61%
30 000Ski
55%
65 000Skien
49%
40 000Tönsberg
49%
35 000Haugesund
49%
30 000Moss
49%
55 000Sarpsborg
48%
40 000Arendal
46%
35 000Porsgunn
45%
30 000Halden
43%
45 000Sandefjord
40%
45 000Larvik
40%
75 000Sandnes
38%
30 000Gjövik
30%
40 000Karmoy
5%

Score Distribution

Percentile by Number Answered

Percent of People with Each Score

Your Score History

You have not taken this quiz